Les 20 plus grandes aires urbaines d'Europe de l'Est - Statistiques

Statistiques générales
  • Ce quiz a été pris 127 fois
  • Le résultat moyen est 15 sur 20
Statistiques - réponses
Pays Population Aire urbaine % Correct
Grèce 3 742 235 Athènes
99%
Turquie 15 067 724 Istanbul
99%
Russie 20 215 638 Moscou
99%
Russie 6 290 174 Saint-Pétersbourg
99%
Ukraine 4 660 231 Kiev
97%
Pologne 3 386 904 Varsovie
96%
Hongrie 3 303 786 Budapest
95%
Bulgarie 1 681 592 Sofia
90%
Roumanie 2 395 515 Bucarest
89%
Pologne 1 489 401 Cracovie
89%
Tchéquie 2 002 930 Prague
88%
Serbie 1 801 377 Belgrade
85%
Biélorussie 2 645 500 Minsk
85%
Ukraine 1 623 194 Donetsk
64%
Ukraine 1 732 432 Kharkiv
58%
Russie 1 680 834 Kazan
42%
Russie 2 086 972 Nijni Novgorod
41%
Russie 2 212 875 Rostov-sur-le-Don
36%
Pologne 2 733 61 Katowice
33%
Russie 2 732 321 Samara - Togliatti
12%
Aucun quiz correspondant
Distribution des résultats
% des personnes avec chaque résultat
Percentile par nombre de réponses
Votre historique - résultats
Vous n’avez pas pris ce quiz